| 000 | 01347nam0a22003131 4500 | ||
|---|---|---|---|
| 001 | rc\75955 | ||
| 005 | 20250612181608.0 | ||
| 035 | _a(NLR Aleph) 008775327 | ||
| 090 |
_a7949217 _c7949217 |
||
| 100 | _a20021216d1991 |||y0rusy50 ca | ||
| 101 | 0 | _arus | |
| 102 | _aRU | ||
| 105 | _aa ||||||||| | ||
| 200 | 1 | _aСоздание нового поколения аэраторов для флотационных пневматических машин | |
| 210 |
_aМ. _cЦНИИцветмет экономики и информ. _d1991 |
||
| 215 |
_a28 с. _cсхем. _d20 |
||
| 225 | 1 |
_aЦветная металлургия _eОбзор. информ. _fЦНИИ экономики и информ. цв. металлургии _vВып. 1 |
|
| 300 | _aНа обл. авт. не указан | ||
| 300 | _aВ надзаг. также: М-во металлургии СССР | ||
| 320 | _aБиблиогр.: с. 27 | ||
| 606 | 1 |
_aАэраторы для очистки сточных вод в аэротенках _2nlr_sh1 |
|
| 700 | 1 |
_7ca _8rus _aЧерных _bС. И. _cд-р техн. наук _gСергей Иванович _9155105 _3RU\NLR\AUTH\770155144 |
|
| 801 | 0 |
_aRU _bNLR _gpsbo |
|
| 801 | 1 |
_aRU _bELAR _2rusmarc |
|
| 801 | 2 |
_aRU _bNLR _c20050420 _2rusmarc |
|
| 852 |
_aNLR _jП10/5617 |
||
| 942 | _cBOOK | ||
| 980 | _aNB | ||